Study on prevalence of influenza in smallholders pig in kandal and kampong speu province; សិក្សាពីកម្រិតរាលដាលជំងឺផ្ដាសាយលើជ្រូករបស់កសិករក្នុងខេត្តកណ្ដាល និងខេត្តកំពង់ស្ពឺ (Record no. 10909)

000 -LEADER
fixed length control field 00670nam a22001337a 4500
040 ## - CATALOGING SOURCE
Transcribing agency RUA
082 ## - DEWEY DECIMAL CLASSIFICATION NUMBER
Classification number VEM CHH 2015 B533 Or.1
100 ## - MAIN ENTRY--AUTHOR NAME
Personal name CHHAY CHANBORITH; ឆាយ ចាន់បូរិទ្ធ
245 ## - TITLE STATEMENT
Title Study on prevalence of influenza in smallholders pig in kandal and kampong speu province; សិក្សាពីកម្រិតរាលដាលជំងឺផ្ដាសាយលើជ្រូករបស់កសិករក្នុងខេត្តកណ្ដាល និងខេត្តកំពង់ស្ពឺ
260 ## - PUBLICATION, DISTRIBUTION, ETC. (IMPRINT)
Place of publication PHNOM PENH
Name of publisher CHH
Year of publication 2015
300 ## - PHYSICAL DESCRIPTION
Number of Pages viii;33p.
Other physical details ill.
Dimensions 29cm.
856 ## - ELECTRONIC LOCATION AND ACCESS
Uniform Resource Identifier CHHAY CHANBORITH
942 ## - ADDED ENTRY ELEMENTS (KOHA)
Koha item type VEM
952 ## - LOCATION AND ITEM INFORMATION (KOHA)
Withdrawn status [LOCAL, KOHA] 0
952 ## - LOCATION AND ITEM INFORMATION (KOHA)
Withdrawn status [LOCAL, KOHA] 0
952 ## - LOCATION AND ITEM INFORMATION (KOHA)
Withdrawn status [LOCAL, KOHA] 0
952 ## - LOCATION AND ITEM INFORMATION (KOHA)
Withdrawn status [LOCAL, KOHA] 0
952 ## - LOCATION AND ITEM INFORMATION (KOHA)
Withdrawn status [LOCAL, KOHA] 0
952 ## - LOCATION AND ITEM INFORMATION (KOHA)
Withdrawn status [LOCAL, KOHA] 0
952 ## - LOCATION AND ITEM INFORMATION (KOHA)
Withdrawn status [LOCAL, KOHA] 0
952 ## - LOCATION AND ITEM INFORMATION (KOHA)
Withdrawn status [LOCAL, KOHA] 0
Holdings
Permanent Location Date acquired Koha item type Lost status Shelving location Barcode Current Location Full call number
Library Block B2016-11-25VEM B533A02991Library Block BVEM CHH 2015 B533 Or.1
Library Block B2016-11-25VEM B533A04328Library Block BVEM CHH 2015 B533 Or.2
Library Block B2016-11-25VEM B533A04188Library Block BVEM CHH 2015 B533 Or.3
Library Block B2016-11-25VEM B533A03000Library Block BVEM CHH 2015 B533 Or.4
Library Block B2016-11-25VEM B533A03753Library Block BVEM CHH 2015 B533 Or.5
Library Block B2016-11-25VEM B533A04314Library Block BVEM CHH 2015 B533 Or.6
Library Block B2016-11-25VEM B533A04244Library Block BVEM CHH 2015 B533 Or.7
Library Block B2016-11-25VEM B533A04074Library Block BVEM CHH 2015 B533 Or.8
មជ្ឈមណ្ឌលឯការនៃសាកលវិទ្យាល័យភូមិន្ទកសិកម្មចំការដូង

Powered by Koha